000 00511nam a22001817a 4500
999 _c23050
_d23050
003 OSt
005 20200227120924.0
008 170216b xxu||||| |||| 00| 0 eng d
020 _a9780176631253
040 _aMMU
_beng
_cMMU
_dMMU
050 _aBF121
_b.P79 2012
110 _aMcMaster University
245 _aDiscovery psychology :
_bPsych 1x03/Introduction to psychology, neuroscience & behaviour /
300 _a267p. :
_bill.
440 _vVolume 1
650 _aPsychology
_9439
942 _2lcc
_cLOAN LOAN